LIBRARY & INFORMATION CENTRE, KCAET, TAVANUR

ONLINE PUBLIC ACCESS CATALOGUE (OPAC)

Princess and the swinehead: a play for children / (Record no. 6042)

MARC details
000 -LEADER
fixed length control field 00399cam a2200145ua 4500
041 ## - LANGUAGE CODE
Language code of text/sound track or separate title eng
082 ## - DEWEY DECIMAL CLASSIFICATION NUMBER
Classification number 822
Item number GRA/PR
100 ## - MAIN ENTRY--AUTHOR NAME
Personal name Gray, Nicholas Stuart.
245 ## - TITLE STATEMENT
Title Princess and the swinehead: a play for children /
260 ## - PUBLICATION, DISTRIBUTION, ETC. (IMPRINT)
Place of publication London :
Name of publisher Oxford University Press ,
Year of publication 1957.
300 ## - PHYSICAL DESCRIPTION
Number of Pages 108 ; .
942 ## - ADDED ENTRY ELEMENTS (KOHA)
Koha item type Books
Holdings
Withdrawn status Lost status Damaged status Home library Current library Date acquired Cost, normal purchase price Full call number Accession Number Koha item type Public note
Withdrawn     KAUAET Sanskrit University 07/04/2012 5.00 822 6638 Books Transferred to Sanskrit University
free website counter